000 00667nam a2200217 i 4500
001 bgj
100 1 _aPOVEY, John F.
245 1 0 _aLiterature for discussion :
_ba reader for advanced students of English as a second language /
_cJohn F. Povey.
260 _aFort Worth [etc.] :
_bHolt, Rinehart and Winston,
_cc. 1984.
300 _aXVIII, 179 pp ;
_c24 cm.
650 9 _aEnglish language
650 9 _aReaders
_xLiterature
650 9 _aAmerican stories
655 _aTextbooks for foreigners
020 _a0030638682 (pbk)
040 _cBPK
041 0 _aeng
920 _a0-03-063868-2 (pbk)
942 _cKS
008 s uk f |000 0 eng
999 _c48207
_d48207
856 _uhttp://koha.tu.koszalin.pl/cgi-bin/koha/opac-detail.pl?biblionumber=48207
_yKatalog online BPK